000 00724nam a22002057a 4500
999 _c11580
_d11580
003 AR-CdUCM
008 190404b ||||| |||| 00| 0 spa d
040 _aMUNICIPALIDAD PROVINCIAL DEL CUSCO
_cBIBLIOTECA MUNICIPAL DEL CUSCO
082 _a380.69 /
_bR68 / 1929
100 _aRivera Guzmán, Eugenio
_929009
245 _aManual del comerciante moderno /
260 _aBarcelona :
_bbauza,
_c1929.
300 _a229 páginas ;
_c20 cm.
505 _aContenido : La rutina -- El jefe -- Tres historias edificantes -- Los auxiliares -- Principios morales -- Los sueldos ...
650 _aManual
_97438
650 _aComerciante
_929010
650 _aModerno
_929011
942 _2ddc
_cLIBROS
945 _arah
_d04/04/2019